Processes for major addition-type plastics and their monomers /
Guardado en:
| Autor Principal: | |
|---|---|
| Formato: | Libro |
| Idioma: | English |
| Publicado: |
Huntington, N.Y. :
R.E. Krieger Pub. Co.,
1985, c1974.
|
| Materias: | |
| Etiquetas: |
Agregar Etiqueta
Sin Etiquetas, Sea el primero en etiquetar este registro!
|
| LEADER | 00809pam a22002175a 4500 | ||
|---|---|---|---|
| 001 | EIQ.libpla002453 | ||
| 008 | 800306r1985####nyuao####b####001#0#eng#d | ||
| 005 | 20080526182121.0 | ||
| 245 | 1 | 0 | |a Processes for major addition-type plastics and their monomers / |c Lyle F. Albright. |
| 260 | |a Huntington, N.Y. : |b R.E. Krieger Pub. Co., |c 1985, c1974. | ||
| 300 | |a viii, 287 p. : |b il., fotos ; |c 24 cm. | ||
| 500 | |a Reimpresión de la ed. publicada por McGraw-Hill, New York. | ||
| 504 | |a Incluye referencias bibliográficas e índice. | ||
| 020 | |a 0898740746 | ||
| 100 | 1 | |a Albright, Lyle Frederick, |d 1921- | |
| 082 | 0 | 0 | |a 668.4/23 |
| 650 | 4 | |a Polímeros |x Poliolefinas. | |
| 650 | 4 | |a Polymers |x Polyolefins. | |
| 010 | |a 80012568 | ||
| 040 | |a DLC |c DLC |d AR-BbSID | ||
| 859 | |a AR-BbSID |b BIB. PLAPIQUI |h 668.423 |i Al 13 |p 4703 | ||
